00757 2200253 4500001002100000005001500021035002500036090001600061245007800077260005100155300002800206008004100234082001200275084001400287100002700301500003000328650004700358504003700405040001700442850001200459041000800471990001200479990001200491YOGYA00000000004992020180830012811 a0010-081400000049638 aL 320 SCH v1 aThe Vital Center :bthe politics of freedom /cArthur M. Schlesinger, J.R3 aBoston :bThe Riberside Press Cambridge,c1949 ax, 274 halaman ;c21 cm180830 g 0 eng 04223a320 a320 SCH v1 aSCHLESINGER, Arthur M. aTeks dalam bahasa Inggris 4aPolitik dan Pemerintahan - Amerika Serikat aTermasuk bibliografi hal 259-268 aYOPDYOGbind aYOPDYOG0 aeng a49713-b a49713-b